00562nam a2200133Ia 4500008004100000082001900041100003900060245011300099260007600212300001100288942001200299999001900311952009800330210430s9999 xx 000 0 und d a624.176 M2661M aUnited states department of energy 2aA Manual for the prediction of Blast and fragment loadings on structurescUnited states department of energy aTexasbUnited states department of energy albuquerque operations c1980 aC-6 p. cBK2ddc c565874d565874 00104070aSCMEbSCMEd0001-03-17l0o624.176 M2661MpSCME- D115r2021-04-30w2021-04-30yBK